000 01322nam1a2200289 4500
001 rc\2877227
005 20240320101323.0
035 _a(NLR Aleph) 007030276
090 _a5996322
_c5996322
100 _a20110717d1930 |||y0rusy50 ca
101 1 _arus
_cund
102 _aRU
105 _ay z |||||
200 1 _aСочинения
_fГегель
_gпер. Б. Столпнера
_gпод ред. А. Деборина и Д. Рязанова
_gИн-т К. Маркса и Ф. Энгельса
205 _aИзд. 4-е
210 _aМосква
_aЛенинград
_cГос. изд-во
_d1930
_eЛенинград
_gтип. Печатный двор
215 _d24
700 1 _aГегель
_bГ. В. Ф.
_f1770-1831
_gГеорг Вильгельм Фридрих
_3RU\NLR\AUTH\7715372
702 1 _aСтолпнер
_bБ. Г.
_f1871-1967
_gБорис Григорьевич
_4730
702 1 _aДеборин
_bА. М.
_f1881-1963
_gАбрам Моисеевич
_3RU\NLR\AUTH\7763829
_4340
702 1 _aРязанов
_bД. Б.
_cдеятель революц. движения
_f1870-1938
_gДавид Борисович
_3RU\NLR\AUTH\7763638
_4340
801 0 _aRU
_bNLR
_gpsbo
801 1 _aRU
_bELAR
_2rusmarc
852 _aNLR
_j65/412
942 _cBOOK
980 _aNB